| 000 | 01163nam0a22003131 4500 | ||
|---|---|---|---|
| 001 | RU\NLR\bibl\938891 | ||
| 005 | 20260406020346.0 | ||
| 010 |
_a5-352-01741-9 _95000 |
||
| 021 |
_aRU _b2006-17960 _9896 |
||
| 035 | _a(NLR Aleph) 000927080 | ||
| 090 |
_a136296 _c136296 |
||
| 100 | _a20060426d2006 |||y0rusy50 ca | ||
| 101 | 1 |
_arus _cjpn |
|
| 102 | _aRU | ||
| 105 | _ay ||||||||| | ||
| 200 | 1 |
_aКосые тени далекой земли _eроман _fОсака Го _g[пер. с яп. Людмилы Ермаковой] |
|
| 210 |
_aСанкт-Петербург _cАзбука-классика _d2006 |
||
| 215 |
_a571, [1] c. _d20 |
||
| 686 | _aШ6(5Я)67-446{Лх2318-60} | ||
| 700 | 1 |
_4070 _8rus _7ca _aГо _bО. _gОсака _3RU\NLR\auth\7739064 _922048 |
|
| 702 | 1 |
_4730 _8rus _7ca _aЕрмакова _bЛ. М. _cд-р филол. наук, японовед _f1945- _gЛюдмила Михайловна _3RU\NLR\AUTH\77121850 _9104775 |
|
| 801 | 0 |
_aRU _bNLR _c20060426 _grcr |
|
| 801 | 1 |
_aRU _bNLR _c20060426 |
|
| 852 |
_aNLR _bОЛСАА-сл-спр _j2-4928 |
||
| 942 | _cBOOK | ||
| 980 | _aNB | ||
| 980 | 1 | _aSL_SPR | |